000 00580nam a2200205Ia 4500
005 20250508160522.0
008 008 250505s9999 xx 000 0 eng d
037 _aTextual
040 _aFEDL
_beng
_cFEDL
041 _aeng
_2eng
084 _a371.103, MUS
_qFEDL
100 _aMusgrove Frank
_9134864
245 0 _aSociety and the teacher's role
260 _aLondon, UK
_bRoutledge and Kegan Paul
_c1969
300 _aviii,104p.
650 _aTeaching
700 _a Taylor Philip H
_9768691
942 _cTEXL
_h371.103, MUS
999 _c1365115
_d1365115